| 000 | 01198nam a22002777a 4500 | ||
|---|---|---|---|
| 999 |
_c65635 _d65635 |
||
| 005 | 20240530110835.0 | ||
| 008 | 191027s2007 ua a f b 000 0aara d | ||
| 017 |
_a2007/25066 _bمصر. دار الكتب |
||
| 020 | _a9771752847 | ||
| 040 |
_aEG-CaGPL _cEG-CaGPL |
||
| 082 | 0 | 4 |
_221 _a328.31 _bق/ م ا |
| 100 | 0 | _aمدحت حماد | |
| 245 | 1 | 0 |
_aانتخابات التجديد النصفى لمجلس الشورى المصرى : _bدراسة تحليلية / _cتقديم يونان لبيب رزق ؛ اشراف ومراجعة مدحت حماد ؛ اعداد ودراسة احمد طاهر ، احمد السعودى |
| 250 | _aط.1 | ||
| 260 |
_aالقاهرة : _bالمؤلف، _c2007 |
||
| 300 |
_a258 ص. : _bايض. ؛ _c24 سم. |
||
| 504 | _aيشمل على ارجاعات ببليوجرافية | ||
| 650 | _2qrmak | ||
| 651 | 0 | 7 |
_2qrmak _aمصر _xمجلس الشورى _xانتخابات |
| 651 | 0 | 7 |
_aمصر _xمجلس الشورى _xاللجان الفرعية _2qrmak |
| 700 | 0 |
_aيونان لبيب رزق _eمقدم |
|
| 700 | 0 |
_aاحمد طاهر _eمعد |
|
| 700 | 0 |
_aاحمد السعودى _eمعد |
|
| 942 |
_2ddc _cBK |
||